000 00542nam a2200205 a 4500
005 20240925064757.0
008 991125s1973 mx 000 0 spa u
035 _aUPN01000008742
049 _aCG
050 4 _aHF1007
_bB7.2
100 1 _aBraun, Oscar
245 1 0 _aComercio internacional e imperialismo /
_cpor Oscar Braun.
260 _aMéxico :
_bSiglo XXI,
_c1973.
300 _a129 p.
440 0 _aEconomía
650 4 _aComercio
_99728
650 4 _aImperialismo
_99887
650 4 _aPolítica comercial
_912557
905 _aLibro
999 _c8742
_d8742